Tecnologías de la información y su uso en gestión: una visión moderna de los sistemas de información
Saved in:
| Hovedforfatter: | |
|---|---|
| Format: | Bog |
| Sprog: | spansk |
| Udgivet: |
Santiago
McGraw Hill Interamericana de Chile
1998
|
| Fag: | |
| Tags: |
Tilføj Tag
Ingen Tags, Vær først til at tagge denne postø!
|
MARC
| LEADER | 00000nam a2200000 a 4500 | ||
|---|---|---|---|
| 001 | UCP0637 | ||
| 003 | CL-VaPUC | ||
| 005 | 20231110110829.0 | ||
| 008 | 990319e19980000CL |||||||||||||||||spa|d | ||
| 999 | |c 279400 |d 279398 | ||
| 040 | |c Pontificia Universidad Católica de Valparaíso | ||
| 082 | 0 | 4 | |a 003.54 |b BAR |2 21 |
| 100 | 0 | |a Barros V., Oscar |e author |9 426059 | |
| 245 | 1 | 0 | |a Tecnologías de la información y su uso en gestión: una visión moderna de los sistemas de información |
| 260 | |a Santiago |b McGraw Hill Interamericana de Chile |c 1998 | ||
| 300 | |a 291 p | ||
| 583 | |a last modification |c 19990319 00:00:00 |k Rodrigo Vera | ||
| 650 | 0 | |a Tecnología de la información |9 254825 | |
| 650 | 0 | |a Información |9 256927 | |
| 650 | 0 | |a Sistemas de información |9 260286 | |
| 650 | 0 | |a Computadores |9 258188 | |
| 650 | 0 | |a Redes de información |9 230208 | |
| 942 | |c BK |2 ddc | ||
| 945 | |d 19990319 00:00:00 |a rbrito | ||
| 952 | |0 0 |1 0 |2 ddc |4 0 |6 003_540000000000000_BAR_1998 |7 0 |8 A |9 318565 |a BIBING |b BIBING |c RES |d 2019-11-20 |i 3493962 |o 003.54 BAR 1998 |p 3493962 |r 2025-01-20 |w 2019-11-20 |y BK |k EII | ||
| 952 | |0 0 |1 0 |2 ddc |4 0 |6 003_540000000000000_BAR_1998 |7 0 |8 A |9 318566 |a BIBING |b BIBING |c RES |d 2019-11-20 |i 3493970 |o 003.54 BAR 1998 |p 3493970 |r 2025-01-20 |w 2019-11-20 |y BK |k EII | ||
| 952 | |0 0 |1 0 |2 ddc |4 0 |6 003_540000000000000_BAR_1998 |7 0 |8 A |9 318567 |a BIBING |b BIBING |c RES |d 2019-11-20 |i 3493989 |o 003.54 BAR 1998 |p 3493989 |r 2025-01-20 |w 2019-11-20 |y BK |k EII | ||
| 952 | |0 0 |1 0 |2 ddc |4 0 |6 003_540000000000000_BAR_1998 |7 0 |8 A |9 318568 |a BIBING |b BIBING |c RES |d 2019-11-20 |i 3493997 |o 003.54 BAR 1998 |p 3493997 |r 2025-01-20 |w 2019-11-20 |y BK |k EII | ||
| 952 | |0 0 |1 0 |2 ddc |4 0 |6 003_540000000000000_BAR_1998 |7 0 |8 A |9 318569 |a BIBING |b BIBING |c RES |d 2019-11-20 |i 3632733 |o 003.54 BAR 1998 |p 3632733 |r 2025-01-20 |w 2019-11-20 |y BK |k ING | ||
| 952 | |0 0 |1 0 |2 ddc |4 0 |6 003_540000000000000_BAR_1998 |7 0 |8 A |9 318570 |a BIBING |b BIBING |c RES |d 2019-11-20 |i 3632741 |o 003.54 BAR 1998 |p 3632741 |r 2025-01-20 |w 2019-11-20 |y BK |k ING | ||
| 952 | |0 0 |1 0 |2 ddc |4 0 |6 003_540000000000000_BAR_1998 |7 0 |8 A |9 318571 |a BIBING |b BIBING |c RES |d 2019-11-20 |i 363275K |o 003.54 BAR 1998 |p 363275K |r 2025-01-20 |w 2019-11-20 |y BK |k ING | ||
| 952 | |0 0 |1 0 |2 ddc |4 0 |6 003_540000000000000_BAR_1998 |7 0 |8 A |9 318572 |a BIBING |b BIBING |c RES |d 2019-11-20 |i 3632768 |o 003.54 BAR 1998 |p 3632768 |r 2024-01-25 |w 2019-11-20 |y BK |k ING | ||
| 952 | |0 0 |1 0 |2 ddc |4 0 |6 003_540000000000000_BAR_1998 |7 0 |8 A |9 318573 |a BIBING |b BIBING |c RES |d 2019-11-20 |i 3632776 |o 003.54 BAR 1998 |p 3632776 |r 2025-01-20 |w 2019-11-20 |y BK |k ING | ||
| 952 | |0 0 |1 0 |4 0 |6 003_540000000000000_BAR_1998 |7 0 |8 A |9 318574 |a BIBENE |b BIBENE |d 2019-11-20 |i 3665887 |o 003.54 BAR 1998 |p 3665887 |r 2025-01-15 |w 2019-11-20 |y BK |k ICO | ||
| 952 | |0 0 |1 0 |2 ddc |4 0 |6 003_540000000000000_BAR_1998 |7 0 |8 A |9 318575 |a BIBING |b BIBING |c RES |d 2019-11-20 |i 3682404 |o 003.54 BAR 1998 |p 3682404 |r 2025-01-20 |w 2019-11-20 |y BK |k EII | ||
| 952 | |0 0 |1 0 |2 ddc |4 0 |6 003_540000000000000_BAR_1998 |7 0 |8 A |9 318576 |a BIBING |b BIBING |c RES |d 2019-11-20 |i 3682412 |o 003.54 BAR 1998 |p 3682412 |r 2025-01-20 |w 2019-11-20 |y BK |k EII | ||
| 952 | |0 0 |1 0 |2 ddc |4 0 |6 003_540000000000000_BAR_1998 |7 0 |8 A |9 318577 |a BIBING |b BIBING |c RES |d 2019-11-20 |i 3682390 |o 003.54 BAR 1998 |p 3682390 |r 2025-01-20 |w 2019-11-20 |y BK |k EII | ||